Introduction to Environmental Engineering and Science (Record no. 187692)

MARC details
000 -LEADER
fixed length control field 00521nam a2200205Ia 4500
008 - FIXED-LENGTH DATA ELEMENTS--GENERAL INFORMATION
fixed length control field 240823s9999||||xx |||||||||||||| ||und||
020 ## - INTERNATIONAL STANDARD BOOK NUMBER
International Standard Book Number 978-81-203-3691-9
082 ## - DEWEY DECIMAL CLASSIFICATION NUMBER
-- 628 P8
100 ## - MAIN ENTRY--PERSONAL NAME
Personal name Gilbert M Masters
245 #0 - TITLE STATEMENT
Title Introduction to Environmental Engineering and Science
250 ## - EDITION STATEMENT
Edition statement 3rd
260 ## - PUBLICATION, DISTRIBUTION, ETC. (IMPRINT)
Date of publication, distribution, etc 2008
Name of publisher, distributor, etc #VALUE!
500 ## - GENERAL NOTE
General note TRANSFERED
650 ## - SUBJECT ADDED ENTRY--TOPICAL TERM
Topical term or geographic name as entry element Environmental Science
700 ## - ADDED ENTRY--PERSONAL NAME
Personal name Wendell P Ela
942 ## - ADDED ENTRY ELEMENTS (KOHA)
Item type Books
Holdings
Withdrawn status Lost status Damaged status Permanent location Current location Shelving location Date acquired Source of acquisition Cost, normal purchase price Full call number Barcode Date last seen Koha item type
      CENTRAL LIBRARY, NOORUL ISLAM CENTRE FOR HIGHER EDUCATION CENTRAL LIBRARY, NOORUL ISLAM CENTRE FOR HIGHER EDUCATION   08/08/2011 TBH Library Book Suppliers 350.00 628 P8 40187 08/23/2024 Books
Visitors:
Copyright © 2024 Central Library NICHE.  All rights reserved.